000 00443nam a2200193Ia 4500
001 14331
003 GE_BSU
008 181216s||||||||xx |||||||||||||| ||und||
040 _cGE_BSU
080 _a94(410)
100 _aWatson,D.R.
245 4 _aThe Life and Times of Charles I
260 _aLondon
260 _bBook club Associates
260 _c1972
300 _a224p.26cm.
653 _aThe Life and Times of Charles I
942 _cBK
999 _c47467
_d47467